APEC Schools

Start Here : (Record no. 5192)

000 -LEADER
fixed length control field nam a22 7a 4500
005 - DATE AND TIME OF LATEST TRANSACTION
control field 20180613085112.0
008 - FIXED-LENGTH DATA ELEMENTS--GENERAL INFORMATION
fixed length control field 180613b xxu||||| |||| 00| 0 eng d
020 ## - IDENTIFIER FOR THE MANIFESTATION
Identifier for the Manifestation 9781501129087
Binding hardcover
040 ## - CATALOGING SOURCE
Language of Cataloging eng
Transcribing Agency APEC Schools Library
Description Conventions rda
082 ## - DEWEY DECIMAL CLASSIFICATION NUMBER
Classification number C 158
Author's Number L268s 2016
100 ## - CREATOR
Preferred Name of the Person Langshur, Eric
245 ## - TITLE AND STATEMENT OF RESPONSIBILITY
Preferred Title Proper Start Here :
Remainder of Title Master the Lifelong Habit of Wellbeing /
Statement of Responsibility/Parallel Statement of Responsibility Eric Langshur
264 ## - PUBLICATION STATEMENT
Place of publication, distribution, etc New York, NY :
Publisher's Name/Parallel Publisher's Name North Star Way,
Copyright ©2016.
Date of Publication [2016].
300 ## - PHYSICAL DESCRIPTION
Extent xi, 320 pages ;
Dimensions 24 cm
336 ## - RDA CONTENT
Source rdacontent
Content Type text
337 ## - RDA MEDIA
Source rdamedia
Media Type unmediated
338 ## - RDA CARRIER
Source rdacarrier
Carrier Type volume
504 ## - BIBLIOGRAPHY, ETC. NOTE
Bibliography, etc Includes bibliographical references and index
520 ## - SUMMARIZATION OF THE CONTENT
Summarization of the Content "This revolutionary work outlines the first and only cross-training system for mastering the skill of happiness. Think P90x for the soul. Every day we have a choice: embrace happiness or let it pass us by. But nurturing happiness isn't easy. It takes understanding, guidance, and training. It takes skill to let go of day-to-day stress and inspire our most inner optimist. It takes LIFE XT. In collaboration with some of the world's leading researchers, Eric Langshur and Nate Klemp have created a comprehensive, nine-step training program to help anyone master the skill of happiness (LIFE XT). Teaching core skills such as mindfulness, physical fitness, and compassion will break a lifetime of habits that keep you distracted, overwhelmed, and addicted to unhealthy behaviors. With Start Here, you will: -Feel less stressed and more focused. -Experience a slower resting heart rate within just twenty minutes. -Sleep better and feel refreshed. Based on scientific research, Start Here provides the most efficient pathway to happiness and a greater sense of overall well-being"-- Provided by publisher.
942 ## - ADDED ENTRY ELEMENTS (KOHA)
Source of Classification
Koha Item Type Books
Holdings
Library Site Location Shelving Location Source of Acquisition Full Classification Number Koha Item Type Accession Number
APEC Chain of Schools Library APEC Chain of Schools Library Circulation Institutional Fund C 158 L268s 2016 Non Fiction  
APEC Dasmarinas Library APEC Dasmarinas Library Circulation Institutional Fund C 158 L268s 2016 Non Fiction B03-0000151
APEC Marikina Heights Library APEC Marikina Heights Library Circulation Institutional Fund C 158 L268s 2016 Non Fiction A08-0000281
APEC Muntinlupa Library APEC Muntinlupa Library Circulation Institutional Fund C 158 L268s 2016 Non Fiction B01-0000271
APEC Roxas Boulevard Library APEC Roxas Boulevard Library Circulation Institutional Fund C 158 L268s 2016 Non Fiction B06-0000263
APEC Silangan, Pateros Library APEC Silangan, Pateros Library Circulation Institutional Fund C 158 L268s 2016 Non Fiction B07-0000370
APEC Sta. Rita Library APEC Sta. Rita Library Circulation Institutional Fund C 158 L268s 2016 Non Fiction B02-0000356
APEC Tondo Library APEC Tondo Library Circulation Institutional Fund C 158 L268s 2016 Non Fiction A10-0000251

Powered by Koha